00518nam a22001457a 4500003000400000005001700004008004100021040001100062041001200073100006900085245008500154260005300239650002200292856005800314OSt20260211101007.0260211b |||||||| |||| 00| 0 eng d cMRSPTU aEnglish aGursimran Singh Dhaliwal, Supervisor: Dr. Sanjiv Kumar Aggarwal  aProblems & Remedial Measures of Irrigation Scenario in Malwa Belt - A Case Study bDepartment of Civil Engg. MRSPTU, Bathindac2015 aCivil Engineering uhttp://163.47.215.52:8080/jspui/handle/123456789/1105